000 00584nam a2200181Ia 4500
003 GCL
008 140319s9999 xx 000 0 ara d
040 _aGCL /
_cGCL
082 0 4 _a810.9
_bط م
100 1 _aطرابيشى، جورج
245 1 0 _aالمثقفون العرب والتراث: التحليل النفسى لعصاب جماعى /
_cطرابيشى، جورج
300 _a276 ص
490 _a
650 0 4 _aالادب العربى
650 0 4 _aالادب العربى - نظريات
650 0 4 _aالادب العربى - تاريخ ونقد
942 _2ddc
_cBK
999 _c38560
_d38560